[Event "IECC CL2-2007.03 email"]
[Site "IECC email"]
[Date "2007.02.19"]
[Round "?"]
[White "Agulnick, Michael"]
[Black "Solare, Juan"]
[Result "0-1"]
[WhiteElo "1997"]
[BlackElo "2091"]
[PlyCount "54"]
[EventDate "2007.??.??"]
[EventType "tourn (corr)"]
[EventRounds "4"]
[SourceTitle "Corr 2008"]
[Source "ChessBase"]
[SourceDate "2008.06.24"]
[SourceVersion "1"]
[SourceVersionDate "2008.06.24"]
[SourceQuality "1"]
[WhiteTeam "US of America"]
[BlackTeam "Argentina"]
[WhiteTeamCountry "USA"]
[BlackTeamCountry "ARG"]

1. d4 Nf6 2. Nf3 e6 3. c4 b6 4. g3 Bb7 5. Bg2 Be7 6. 0-0 0-0 7. Re1 Na6 8. Nc3 Ne4 9. a3 f5 10. Qd3 Nxc3 11. bxc3 Be4 12. Qd1 Bf6 13. Bf4 d6 14. a4 Nb8 15. a5 Nc6 16. axb6 axb6 17. Rxa8 Qxa8 18. Bg5 Bxg5 19. Nxg5 Bxg2 20. Kxg2 Nxd4+ 21. e4 h6 22. cxd4 hxg5 23. d5 fxe4 24. Qg4 exd5 25. Qe6+ Kh7 26. cxd5 Qe8 27. Qg4 b5 0-1

[Event "IECC CL2-2007.03 email"]
[Site "IECC email"]
[Date "2007.02.19"]
[Round "?"]
[White "Solare, Juan"]
[Black "Futida, Souitiro"]
[Result "1/2-1/2"]
[WhiteElo "2103"]
[BlackElo "2056"]
[PlyCount "79"]
[EventDate "2007.??.??"]
[EventType "tourn (corr)"]
[EventRounds "4"]
[SourceTitle "Corr 2008"]
[Source "ChessBase"]
[SourceDate "2008.06.24"]
[SourceVersion "1"]
[SourceVersionDate "2008.06.24"]
[SourceQuality "1"]
[WhiteTeam "Argentina"]
[BlackTeam "Brazil"]
[WhiteTeamCountry "ARG"]
[BlackTeamCountry "BRA"]

1. b4 e5 2. Bb2 Bxb4 3. Bxe5 Nf6 4. c4 Nc6 5. Bb2 d5 6. e3 d4 7. Nf3 Bc5 8. Qb3 0-0 9. Be2 Re8 10. 0-0 Bg4 11. h3 Bf5 12. exd4 Bxd4 13. Bxd4 Nxd4 14. Nxd4 Qxd4 15. Nc3 Rab8 16. d3 a6 17. Rfd1 c5 18. Bf3 b5 19. cxb5 Be6 20. Qc2 axb5 21. Bc6 Bd7 22. Bxd7 Nxd7 23. a4 bxa4 24. Rxa4 Rb4 25. Nb5 Qf4 26. Rxb4 Qxb4 27. Nc3 Nf8 28. Rb1 Qd4 29. Qa4 Rd8 30. Qxd4 cxd4 31. Ne2 Ne6 32. f4 g6 33. g4 Nc5 34. Kg2 h6 35. Kf3 Kg7 36. h4 Ra8 37. Nxd4 Ra3 38. Nc2 Rxd3+ 39. Ne3 Nb3 40. Ke2 1/2-1/2

[Event "IECC CL1-2002.11"]
[Site "IECC email"]
[Date "2002.05.22"]
[Round "?"]
[White "Solare, Juan"]
[Black "Marcotulli, Giancarlo"]
[Result "0-1"]
[WhiteElo "2021"]
[BlackElo "2257"]
[PlyCount "104"]
[EventDate "2002.??.??"]
[EventType "tourn (corr)"]
[EventRounds "4"]
[SourceTitle "Corr 2008"]
[Source "ChessBase"]
[SourceDate "2008.06.24"]
[SourceVersion "1"]
[SourceVersionDate "2008.06.24"]
[SourceQuality "1"]

1. b4 d5 2. Bb2 Qd6 3. a3 e5 4. e3 Be6 5. Nf3 Nd7 6. Be2 Be7 7. 0-0 a5 8. b5 Ngf6 9. a4 c6 10. Ba3 c5 11. d4 Ne4 12. c4 dxc4 13. Qc2 Bf5 14. Qxc4 exd4 15. exd4 Qg6 16. Re1 0-0 17. Nc3 Rfe8 18. Nd5 Bd6 19. Rad1 Be6 20. dxc5 Ndxc5 21. Bb2 Rac8 22. Qa2 Qh5 23. Ba1 Nxa4 24. Ne5 Nec3 25. Bxh5 Nxa2 26. Nb6 Nxb6 27. Rxd6 Nd5 28. Rxe6 fxe6 29. Bxe8 Rxe8 30. Nc4 b6 31. Bd4 Nac3 32. Bxb6 Nxb6 33. Nxb6 a4 34. Ra1 Rb8 35. Nxa4 Ra8 36. Kf1 Rxa4 37. Rxa4 Nxa4 38. Ke1 Kf7 39. Kd2 Ke7 40. Kc2 Kd6 41. Kb3 Nb6 42. Kb4 Nd5+ 43. Kc4 g5 44. Kd4 h6 45. g3 g4 46. Kd3 Nf6 47. Ke3 e5 48. f3 gxf3 49. Kxf3 Kc5 50. g4 Kxb5 51. h4 Nxg4 52. Kxg4 Kc4 0-1

[Event "IECC CL1-2002.11"]
[Site "IECC email"]
[Date "2002.05.22"]
[Round "?"]
[White "Solare, Juan"]
[Black "Pierzak, Rafael"]
[Result "1/2-1/2"]
[WhiteElo "2014"]
[BlackElo "2443"]
[PlyCount "105"]
[EventDate "2002.??.??"]
[EventType "tourn (corr)"]
[EventRounds "4"]
[SourceTitle "Corr 2008"]
[Source "ChessBase"]
[SourceDate "2008.06.24"]
[SourceVersion "1"]
[SourceVersionDate "2008.06.24"]
[SourceQuality "1"]

1. e4 c5 2. Nc3 d6 3. g3 Nc6 4. Bg2 g6 5. d3 Bg7 6. Be3 Rb8 7. Qd2 b5 8. Nge2 b4 9. Nd1 Nd4 10. 0-0 e6 11. Nc1 Qa5 12. c3 bxc3 13. bxc3 Nc6 14. Ne2 Nge7 15. Bh6 0-0 16. Bxg7 Kxg7 17. Ne3 Ba6 18. f4 Nd4 19. Rfe1 f5 20. Nc1 Nb5 21. e5 dxe5 22. Nd1 e4 23. dxe4 Qb6 24. exf5 Nxf5 25. Rb1 c4+ 26. Qf2 Qxf2+ 27. Kxf2 Rb6 28. a4 Nc7 29. Rxb6 axb6 30. Ne2 Nd5 31. Ng1 Bc8 32. Nf3 h6 33. Re4 Nd6 34. Rd4 g5 35. fxg5 hxg5 36. Kg1 Rf5 37. Nd2 Re5 38. Nxc4 Nxc4 39. Rxc4 Re1+ 40. Kf2 Rxd1 41. Bxd5 Rxd5 42. Rxc8 Rd2+ 43. Kg1 Rd1+ 44. Kg2 Rd2+ 45. Kh3 Kf6 46. Rb8 Kf5 47. g4+ Kf4 48. Rxb6 Rd3+ 49. Kg2 Rxc3 50. Rxe6 Rc2+ 51. Kg1 Ra2 52. h3 Rxa4 53. Kf1 1/2-1/2

[Event "IECC CL2-2001.40"]
[Site "IECC email"]
[Date "2001.11.09"]
[Round "?"]
[White "Solare, Juan"]
[Black "Le Duigou, Jean Guy"]
[Result "1/2-1/2"]
[WhiteElo "1975"]
[BlackElo "2126"]
[PlyCount "53"]
[EventDate "2001.??.??"]
[EventType "tourn (corr)"]
[EventRounds "4"]
[SourceTitle "Corr 2008"]
[Source "ChessBase"]
[SourceDate "2008.06.24"]
[SourceVersion "1"]
[SourceVersionDate "2008.06.24"]
[SourceQuality "1"]

1. e4 c6 2. d4 d5 3. e5 Bf5 4. Nc3 e6 5. g4 Bg6 6. Nge2 c5 7. h4 h6 8. Be3 cxd4 9. Nxd4 Bb4 10. h5 Be4 11. f3 Bh7 12. Bd3 Bxd3 13. Qxd3 Nd7 14. 0-0-0 Ne7 15. f4 a6 16. Nb3 Qc7 17. Ne2 Nc6 18. Rhg1 Rc8 19. Ned4 Nxd4 20. Bxd4 Be7 21. f5 Bg5+ 22. Kb1 0-0 23. Rgf1 b5 24. fxe6 fxe6 25. Rxf8+ Nxf8 26. Rf1 Be7 27. Nd2 1/2-1/2

[Event "IECC CL3-2001.12"]
[Site "IECC email"]
[Date "2001.03.19"]
[Round "?"]
[White "Solare, Juan"]
[Black "Schreber, Daniel Paul"]
[Result "1/2-1/2"]
[WhiteElo "1958"]
[BlackElo "1866"]
[PlyCount "84"]
[EventDate "2001.??.??"]
[EventType "tourn (corr)"]
[EventRounds "4"]
[SourceTitle "Corr 2008"]
[Source "ChessBase"]
[SourceDate "2008.06.24"]
[SourceVersion "1"]
[SourceVersionDate "2008.06.24"]
[SourceQuality "1"]

1. e4 e5 2. Nf3 Nc6 3. Nc3 Nf6 4. d4 exd4 5. Nxd4 Bc5 6. Nxc6 bxc6 7. Bd3 d6 8. 0-0 Ng4 9. Bf4 0-0 10. Qd2 Re8 11. Rad1 Rb8 12. Na4 Bd4 13. h3 Ne5 14. Bg5 f6 15. Bf4 Nxd3 16. Qxd3 Bb6 17. Rfe1 Re7 18. c4 Ba5 19. Re3 Qe8 20. c5 dxc5 21. Qc2 c4 22. Qxc4+ Be6 23. Qc2 Bf7 24. b3 Bb6 25. Nc5 a5 26. f3 Rd8 27. Rxd8 Qxd8 28. Rd3 Rd7 29. Rxd7 Qxd7 30. Be3 Qd6 31. Bf2 h6 32. Na4 Bxf2+ 33. Qxf2 Qd1+ 34. Kh2 g5 35. Nc5 Qd6+ 36. g3 Qd1 37. h4 Bg6 38. Kg2 Kg7 39. g4 Bf7 40. hxg5 hxg5 41. Qb2 Kg6 42. Qc3 Qe2+ 1/2-1/2

[Event "IECC CL3-2001.12"]
[Site "IECC email"]
[Date "2001.03.19"]
[Round "?"]
[White "Solare, Juan"]
[Black "Vaillancourt, Stephane"]
[Result "1-0"]
[WhiteElo "1953"]
[BlackElo "1949"]
[PlyCount "77"]
[EventDate "2001.??.??"]
[EventType "tourn (corr)"]
[EventRounds "4"]
[SourceTitle "Corr 2008"]
[Source "ChessBase"]
[SourceDate "2008.06.24"]
[SourceVersion "1"]
[SourceVersionDate "2008.06.24"]
[SourceQuality "1"]

1. e4 e6 2. d4 d5 3. Nd2 Nf6 4. e5 Nfd7 5. Bd3 c5 6. c3 Nc6 7. Ne2 cxd4 8. cxd4 f6 9. exf6 Nxf6 10. 0-0 Bd6 11. Nf3 Qc7 12. Bg5 0-0 13. Nc3 a6 14. Bh4 Nh5 15. Rc1 h6 16. Re1 g5 17. Nxg5 hxg5 18. Qxh5 gxh4 19. Nxd5 exd5 20. Qxd5+ Qf7 21. Qxd6 Qxf2+ 22. Kh1 Qf6 23. Qd5+ Kg7 24. Rf1 Qh6 25. Rxf8 Be6 26. Qxe6 Qxe6 27. Rxa8 Qxa2 28. Rc8 Qxb2 29. Rc7+ Kh6 30. Rh7+ Kg5 31. Rf1 Nxd4 32. Rg7+ Kh5 33. g4+ hxg3 34. Rxg3 Ne6 35. Rh3+ Kg5 36. Re3 Nf4 37. Rg3+ Kf6 38. Rxf4+ Ke5 39. Re4+ 1-0

[Event "IECC CL3-2001.04"]
[Site "IECC email"]
[Date "2001.01.30"]
[Round "?"]
[White "Malm, Art"]
[Black "Solare, Juan"]
[Result "0-1"]
[WhiteElo "1785"]
[BlackElo "1920"]
[PlyCount "106"]
[EventDate "2001.??.??"]
[EventType "tourn (corr)"]
[EventRounds "4"]
[SourceTitle "Corr 2008"]
[Source "ChessBase"]
[SourceDate "2008.06.24"]
[SourceVersion "1"]
[SourceVersionDate "2008.06.24"]
[SourceQuality "1"]

1. d4 Nf6 2. c4 e6 3. Nc3 Bb4 4. e3 b6 5. Nge2 Ne4 6. Qb3 c5 7. Ng3 Bxc3+ 8. bxc3 Bb7 9. Nxe4 Bxe4 10. f3 Bb7 11. Be2 d6 12. 0-0 0-0 13. e4 Nc6 14. Be3 Na5 15. Qb5 Qc8 16. Qa4 Ba6 17. Bf4 cxd4 18. cxd4 d5 19. Rac1 Bxc4 20. Rfe1 Qd8 21. Bxc4 Nxc4 22. exd5 exd5 23. Qc6 Rc8 24. Qb7 Nb2 25. Rxc8 Qxc8 26. Qxc8 Rxc8 27. Re7 Nd3 28. Be3 f5 29. Rxa7 f4 30. Bd2 Rc2 31. Ra8+ Kf7 32. Ra7+ Kf6 33. Bxf4 Nxf4 34. Ra6 Rxg2+ 35. Kf1 Rxh2 36. Rxb6+ Kg5 37. Rb7 g6 38. a4 h5 39. a5 Ra2 40. Re7 Kh4 41. Ke1 Kg3 42. Ra7 h4 43. Rh7 h3 44. Rxh3+ Nxh3 45. Kd1 Nf4 46. a6 Kxf3 47. a7 Ke3 48. a8Q Rxa8 49. Kc2 Rb8 50. Kc3 Ke2 51. Kc2 Nd3 52. Kc3 Kd1 53. Kxd3 Rb3# 0-1

[Event "IECC CL3-2001.04"]
[Site "IECC email"]
[Date "2001.01.30"]
[Round "?"]
[White "Solare, Juan"]
[Black "Pecotic, Kuzma"]
[Result "1-0"]
[WhiteElo "1887"]
[BlackElo "1968"]
[PlyCount "139"]
[EventDate "2001.??.??"]
[EventType "tourn (corr)"]
[EventRounds "4"]
[SourceTitle "Corr 2008"]
[Source "ChessBase"]
[SourceDate "2008.06.24"]
[SourceVersion "1"]
[SourceVersionDate "2008.06.24"]
[SourceQuality "1"]

1. e4 c5 2. Nc3 Nc6 3. g3 g6 4. Bg2 Bg7 5. d3 d6 6. Be3 Nh6 7. h3 f5 8. Qd2 Nf7 9. Nge2 Qa5 10. f4 0-0 11. 0-0 Nd4 12. Rae1 Bd7 13. a3 fxe4 14. dxe4 Nxe2+ 15. Nxe2 Qxd2 16. Bxd2 Bxb2 17. Rb1 Bb5 18. Rfe1 Bxe2 19. Rxe2 Bxa3 20. Rxb7 e5 21. Rb3 Bb4 22. Bxb4 cxb4 23. Rxb4 a5 24. Ra4 Rfc8 25. c4 Ra7 26. Rd2 exf4 27. gxf4 h6 28. Kf2 Rc5 29. Ke3 g5 30. f5 Rb7 31. Bf1 Kg7 32. Rda2 Ra7 33. Rb2 Ne5 34. Rb6 Nc6 35. Ra1 a4 36. Ra3 Kf7 37. Be2 Kf6 38. Bd1 Rxc4 39. Rd3 Rd7 40. Ra6 a3 41. Bb3 Rc5 42. Ba4 a2 43. Bxc6 Rxc6 44. Rxa2 d5 45. exd5 Rb6 46. Kd4 h5 47. Re3 Rb4+ 48. Kc5 Rdb7 49. Ra6+ Kxf5 50. d6 Rb1 51. Kc6 R7b2 52. d7 Rd1 53. Ra5+ Kf6 54. Rd5 Rxd5 55. Kxd5 Rd2+ 56. Kc6 g4 57. h4 Rc2+ 58. Kd6 Rd2+ 59. Kc7 Rc2+ 60. Kd8 Rd2 61. Ke8 Kf5 62. d8Q Rxd8+ 63. Kxd8 Kf4 64. Re1 Kg3 65. Rh1 Kg2 66. Ra1 Kh3 67. Ke7 Kxh4 68. Kf6 Kg3 69. Kg5 Kh2 70. Kf4 1-0